|
|
|
|
| LEADER |
00000nam0a2200000 4500 |
| 001 |
304923 |
| 005 |
20231102001741.0 |
| 010 |
|
|
|a 9785160107851
|
| 035 |
|
|
|a (RuTPU)RU\TPU\book\330182
|
| 090 |
|
|
|a 304923
|
| 100 |
|
|
|a 20150921d2016 m y0rusy50 ca
|
| 101 |
0 |
|
|a rus
|
| 102 |
|
|
|a RU
|
| 105 |
|
|
|a y j 001zy
|
| 200 |
1 |
|
|a Статистика в примерах и задачах
|e учебное пособие для вузов
|f В. И. Бережной, О. Б. Бигдай, О. В. Бережная , О. А. Киселева
|
| 210 |
|
|
|a Москва
|c Инфра-М
|d 2016
|
| 215 |
|
|
|a 288 с.
|
| 225 |
1 |
|
|a Высшее образование. Бакалавриат
|
| 320 |
|
|
|a Библиогр.: с. 282-283.
|
| 330 |
|
|
|a Учебное пособие представляет собой практикум по статистике, содержащий краткие теоретические сведения, вопросы для обсуждения, примеры решения задач, практические задания, задачи и тесты для самостоятельного решения, вопросы для самоконтроля по основным темам обшей теории статистики и социально-экономической статистики. Практикум позволяет выработать навыки обработки и анализа статистической информации, необходимые для принятия управленческих решений.Издание подготовлено в соответствии с федеральным государственным образовательным стандартом высшего образования по направлению подготовки 38.03.02 «Менеджмент» (уровень бакалавриата) и может быть использовано преподавателями, аспирантами и студентами высших учебных заведений, а также специалистами в области экономики и менеджмента.
|
| 606 |
1 |
|
|a Статистика
|2 stltpush
|3 (RuTPU)RU\TPU\subj\56822
|9 74712
|
| 610 |
1 |
|
|a примеры
|
| 610 |
1 |
|
|a задачи
|
| 610 |
1 |
|
|a теория
|
| 610 |
1 |
|
|a статистическое наблюдение
|
| 610 |
1 |
|
|a статистические сводки
|
| 610 |
1 |
|
|a статистическая группировка
|
| 610 |
1 |
|
|a статистические данные
|
| 610 |
1 |
|
|a абсолютные величины
|
| 610 |
1 |
|
|a относительные величины
|
| 610 |
1 |
|
|a средние величины
|
| 610 |
1 |
|
|a вариации
|
| 610 |
1 |
|
|a выборочное наблюдение
|
| 610 |
1 |
|
|a ряды динамики
|
| 610 |
1 |
|
|a индексный метод
|
| 610 |
1 |
|
|a статистическое прогнозирование
|
| 610 |
1 |
|
|a статистическое моделирование
|
| 610 |
1 |
|
|a социально-экономическая статистика
|
| 610 |
1 |
|
|a рынок труда
|
| 610 |
1 |
|
|a макроэкономические показатели
|
| 610 |
1 |
|
|a национальные счета
|
| 610 |
1 |
|
|a национальное богатство
|
| 610 |
1 |
|
|a промышленная статистика
|
| 610 |
1 |
|
|a уровень жизни
|
| 610 |
1 |
|
|a денежное обращение
|
| 610 |
1 |
|
|a инфляция
|
| 610 |
1 |
|
|a банковская деятельность
|
| 610 |
1 |
|
|a государственные финансы
|
| 610 |
1 |
|
|a страхование
|
| 610 |
1 |
|
|a тесты
|
| 610 |
1 |
|
|a задачи
|
| 610 |
1 |
|
|a учебные пособия
|
| 686 |
|
|
|a С6я73
|v LBC/SL-A
|2 rubbk
|
| 701 |
|
1 |
|a Бережной
|b В. И.
|g Владимир Иванович
|
| 701 |
|
1 |
|a Бигдай
|b О. Б.
|g Ольга Борисовна
|
| 701 |
|
1 |
|a Бережная
|b О. В.
|g Ольга Владимировна
|
| 701 |
|
1 |
|a Киселева
|b О. А.
|g Ольга Александровна
|
| 801 |
|
1 |
|a RU
|b 63413507
|c 20150921
|
| 801 |
|
2 |
|a RU
|b 63413507
|c 20200429
|g RCR
|
| 900 |
|
|
|a Статистика
|
| 942 |
|
|
|c BK
|
| 953 |
|
|
|l 8.1
|
| 959 |
|
|
|a 109/20150904
|d 1
|e 549,90
|f ЧЗГЛ:1
|